| 000 | 00471nam a22001817a 4500 | ||
|---|---|---|---|
| 003 | CEME | ||
| 005 | 20210628204024.0 | ||
| 008 | 210105b xxu||||| |||| 00| 0 eng d | ||
| 020 | _a9780596516130 | ||
| 040 | _cceme | ||
| 082 | _a006.37 BRA | ||
| 100 |
_aBradski, Gary, Kaehler, Adrian _968293 |
||
| 245 | _aLearning open cv | ||
| 260 |
_aUSA _bO'REILLY _c2008 |
||
| 300 | _aXVI, 555P | ||
| 650 |
_aCOMPUTER VISION WITH THE OPEN CV LIBRARY _968294 |
||
| 942 |
_cBK _2ddc |
||
| 999 |
_c575898 _d575898 |
||